Normal view
MARC view
- التسوية السلمية للمنازعات الدولية -- المنازعات الدولية (قانون دولي)
Entry Topical Term
001 - CONTROL NUMBER
- control field: 21463
003 - CONTROL NUMBER IDENTIFIER
- control field: JO-AjAnu
005 - DATE AND TIME OF LATEST TRANSACTION
- control field: 20230606073722.0
008 - FIXED-LENGTH DATA ELEMENTS
- fixed length control field: 230606|| aca||aabn | a|a d
040 ## - CATALOGING SOURCE
- Original cataloging agency: JO-AjAnu
- Transcribing agency: JO-AjAnu
150 ## - HEADING--TOPICAL TERM
- Topical term or geographic name entry element: التسوية السلمية للمنازعات الدولية -- المنازعات الدولية (قانون دولي)
670 ## - SOURCE DATA FOUND
- Source citation: Work cat.: (JO-AjAnu)11026: الموسى، محمد خليل, author 21462, التسويات السليمة المتعلقة بخلافة الدول وفقا لأحكام القانون الدولي